[Event "SVK-chT2 4th Bs1 corr"]
[Site "Slovakia"]
[Date "2000.??.??"]
[Round "25"]
[White "Bedo, Peter"]
[Black "Toma, Rudolf"]
[Result "0-1"]
[WhiteElo "1300"]
[BlackElo "1943"]
[PlyCount "62"]
[EventDate "2000.03.15"]
[EventType "team (corr)"]
[EventRounds "10"]
[EventCountry "SVK"]
[SourceTitle "Corr 2002"]
[Source "ChessBase"]
[SourceDate "2002.05.23"]
[SourceVersion "1"]
[SourceVersionDate "2002.05.23"]
[SourceQuality "1"]

1. e4 d6 2. d4 Nf6 3. Nc3 g6 4. h3 Bg7 5. g4 c5 6. dxc5 Qa5 7. Qd3 Qxc5 8. Bg2 Nc6 9. Be3 Qa5 10. Nge2 Be6 11. Qb5 Qxb5 12. Nxb5 0-0 13. Ned4 Nxd4 14. Nxd4 Bc4 15. b3 Ba6 16. Rd1 Rac8 17. c4 Nd7 18. h4 b6 19. g5 Bb7 20. h5 Nc5 21. f3 Rcd8 22. Kf2 a6 23. Rh4 e6 24. Ne2 Ba8 25. Rdh1 d5 26. hxg6 fxg6 27. Bxc5 bxc5 28. Bh3 Rd6 29. Nf4 Bd4+ 30. Kg2 Rxf4 31. Rxf4 Be5 0-1